Greening UK cities' buildings (Record no. 108508)

MARC details
000 -LEADER
fixed length control field 01238cad a22002175a 4500
001 - CONTROL NUMBER
control field L144431
008 - FIXED-LENGTH DATA ELEMENTS--GENERAL INFORMATION
fixed length control field 080718s2008 xxk f f000 0 eng d
035 ## - SYSTEM CONTROL NUMBER
System control number (Sirsi) u144431
041 0# - LANGUAGE CODE
Language code of text/sound track or separate title eng
050 04 - LIBRARY OF CONGRESS CALL NUMBER
Classification number 306.1 $2 18
110 2# - MAIN ENTRY--CORPORATE NAME
Corporate name or jurisdiction name as entry element All Party Urban Development Group
9 (RLIN) 5129
245 00 - TITLE STATEMENT
Title Greening UK cities' buildings
Remainder of title improving the enegy efficiency of our offices, shops and factories
Medium [electronic resource]
260 ## - PUBLICATION, DISTRIBUTION, ETC.
Place of publication, distribution, etc. [S.l.]
Name of publisher, distributor, etc. APUDG
Date of publication, distribution, etc. 2008
520 ## - SUMMARY, ETC.
Summary, etc. Examines what should be done by both public and private sectors to reduce the energy use of cities' existing non-domestic buildings. Focuses on the three main obstacles: the availability of information; the economics of retrofitting and physical barriers such as the age and location of the building. Concludes that better measurement, greater awareness and systematic management can help owners and occupiers to achieve quick wins at almost no extra cost.
521 2# - TARGET AUDIENCE NOTE
Target audience note Advanced
590 ## - LOCAL NOTE (RLIN)
Local note KA NTK
651 #4 - SUBJECT ADDED ENTRY--GEOGRAPHIC NAME
Geographic name United Kingdom
Chronological subdivision
690 ## - LOCAL SUBJECT ADDED ENTRY--TOPICAL TERM (OCLC, RLIN)
Topical term or geographic name as entry element ENVIRONMENTAL AND LAND CONSULTANCY-SUSTAINABILITY-SUSTAINABLE DEVELOPMENT
856 40 - ELECTRONIC LOCATION AND ACCESS
Uniform Resource Identifier <a href="https://www.allparty-urbandevelopment.org.uk/">https://www.allparty-urbandevelopment.org.uk/</a>
Public note View the report free of charge at www.allparty-urbandevelopment.org.uk...
942 ## - ADDED ENTRY ELEMENTS (KOHA)
Suppress in OPAC 0
Holdings
Withdrawn status Lost status Source of classification or shelving scheme Damaged status Not for loan Home library Current library Shelving location Date acquired Total Checkouts Full call number Barcode Date last seen Copy number Price effective from Koha item type
    Dewey Decimal Classification     Virtual Virtual Online 18/07/2008   ONLINE PUBLICATION 144431-2001 06/08/2019 1 06/08/2019 Book